00428 2200169 4500001002100000008004100021035002000062245005100082100002500133250000600158260003400164300001200198084001400210082000800224650001400232990001200246INLIS000000000001047 ind  a0010-0524000282 aNegara Republik IndonesiacProf. Padmo Wahjono aWahjono, Prof. Padmo a1 aJakarta :bCV. Rajawalic1986 a212 hlm a300 PAD n a300 aNon Fiksi a0744025